Η ανάπτυξη του τουρισμού στο Νομό Ηρακλείου : πτυχιακή εργασία
Αποθηκεύτηκε σε:
| Κύριος συγγραφέας: | |
|---|---|
| Συγγραφή απο Οργανισμό/Αρχή: | |
| Μορφή: | Thesis Βιβλίο |
| Γλώσσα: | Greek |
| Δημοσίευση: |
2013.
|
| Θέματα: | |
| Διαθέσιμο Online: | http://hdl.handle.net/11610/6571 |
| Ετικέτες: |
Προσθήκη ετικέτας
Δεν υπάρχουν, Καταχωρήστε ετικέτα πρώτοι!
|
MARC
| LEADER | 00000cam a2200000 i 4500 | ||
|---|---|---|---|
| 001 | 1/65389 | ||
| 008 | 150129s2013 gr | ||| |||| ||gre|| | ||
| 035 | |l 10120781 | ||
| 040 | |a GR-MyUa |b gre |e AACR2 | ||
| 041 | 0 | |a gre | |
| 082 | 7 | |a 338.47914998 |2 (23) | |
| 100 | 1 | |a Νεονάκης, Στυλιανός. | |
| 245 | 1 | 2 | |a Η ανάπτυξη του τουρισμού στο Νομό Ηρακλείου : |b πτυχιακή εργασία / |c επιμέλεια: Νεονάκης Στυλιανός ; επιβλέπων καθηγητής: Λαγός Δημήτριος. |
| 260 | |c 2013. | ||
| 300 | |a 118 σ. : |b εικ., πίν. ; |c 30 εκ. | ||
| 502 | |a Πτυχιακή εργασία – Πανεπιστήμιο Αιγαίου, Χίος, 2013. | ||
| 504 | |a Περιλαμβάνει βιβλιογραφία. | ||
| 650 | 0 | |a Tourism |z Greece |z Erakleion (Nome) | |
| 650 | 0 | |a Dissertations, Academic |z Greece. | |
| 700 | 1 | |a Λαγός, Δημήτρης Γ. |e dgs | |
| 710 | 1 | |a Πανεπιστήμιο Αιγαίου |b Σχολή Επιστημών της Διοίκησης |b Τμήμα Διοίκησης Επιχειρήσεων - Τ.Δ.Ε. | |
| 852 | |a INST |b CHIOS |c DIATR |e 20150129 |h 338.47914998 ΝΕΟ |p 005200034867 |q 005200034867 |t DIE |y 23 | ||
| 852 | |a INST |b CHIOS |c DIATR |e 20150129 |h 338.47914998 ΝΕΟ |p 005200034868 |q 005200034868 |t DIE |y 23 | ||
| 856 | |u http://hdl.handle.net/11610/6571 | ||
| 901 | |a BIBL2-2015-1 | ||
| 924 | |a ΝΕΟΝΑΚΗΣ |b ΣΤΥΛΙΑΝΟΣ |y Χίος |z 2013-01 | ||
| 970 | |a ΠΑΡΟΙΚΑΚΗ |b ΒΑΣΙΛΙΚΗ |z 2015/01/29 | ||